00302nam a2200097 a 450000500170000000800410001705000220005810000180008024500650009826000410016320140414131849.0100727s19uu xx 00 eng d aM 352.9bSh1 2005 aShank, Marcia aCreate a city :bGeography, english, civics and citizenship. aAustralia :bHawker Brownlow,c2005.